Ιστορία της οικονομικής αναλύσεως
Αποθηκεύτηκε σε:
| Κύριος συγγραφέας: | |
|---|---|
| Μορφή: | Βιβλίο |
| Γλώσσα: | Greek |
| Δημοσίευση: |
Αθήνα :
Παπαζήσης,
c1983.
|
| Έκδοση: | 2η έκδ., βελτ. |
| Θέματα: | |
| Ετικέτες: |
Προσθήκη ετικέτας
Δεν υπάρχουν, Καταχωρήστε ετικέτα πρώτοι!
|
MARC
| LEADER | 00000cam a2200000 i 4500 | ||
|---|---|---|---|
| 001 | 1/41152 | ||
| 008 | 950605t1983 gr | ||| |||| ||gre|| | ||
| 035 | |a 1997 |c ΓΡΑΜΜΑΤΕΙΑ ΜΥΤΙΛΗΝΗΣ |l 10041430 | ||
| 040 | |a GR-MyUA |b gre |e AACR2 | ||
| 041 | 0 | |a gre | |
| 082 | 0 | |a 330.09 | |
| 100 | 1 | |a Θεοχάρης, Ρηγίνος Δ., |d 1929-2018. | |
| 245 | 1 | 0 | |a Ιστορία της οικονομικής αναλύσεως / |c Ρηγίνου Δ. Θεοχάρη. |
| 250 | |a 2η έκδ., βελτ. | ||
| 260 | |a Αθήνα : |b Παπαζήσης, |c c1983. | ||
| 300 | |a 2 τ. ; |c 24 εκ. | ||
| 504 | |a Περιλαμβάνει βιβλιογραφικές αναφορές. | ||
| 650 | 0 | 0 | |a Economics |x History. |
| 852 | |a INST |b CHIOS |e 19960527 |h 330.09 ΘΕΟ |p 005200000044 |q 005200000044 |t BK |y 0 |z τ.1 | ||
| 852 | |a INST |b CHIOS |e 19960422 |h 330.09 ΘΕΟ |p 005200005998 |q 005200005998 |t BK |y 0 |z τ.1 | ||
| 852 | |a INST |b CHIOS |e 19960422 |h 330.09 ΘΕΟ |p 005200005999 |q 005200005999 |t BK |y 0 |z τ.2 | ||
| 852 | |a INST |b CHIOS |e 20010202 |h 330.09 ΘΕΟ |p 005200016855 |q 005200016855 |t BK |y 0 |z τ.2 | ||
| 852 | |a INST |b CHIOS |e 20010306 |h 330.09 ΘΕΟ |p 005200021268 |q 005200021268 |t BK |y 0 |z τ.2 | ||
| 852 | |a INST |b CHIOS |e 20010306 |h 330.09 ΘΕΟ |p 005200021280 |q 005200021280 |t BK |y 0 |z τ.1 | ||
| 852 | |a INST |b CHIOS |e 20010202 |h 330.09 ΘΕΟ |p 005200021510 |q 005200021510 |t BK |y 0 |z τ.1 | ||
| 852 | |a INST |b CHIOS |e 19960527 |h 330.09 ΘΕΟ |p 005200000044 |q 005200000044 |t BK |v τ.1: |y 0 |z τ.1 | ||
| 852 | |a INST |b CHIOS |e 19960422 |h 330.09 ΘΕΟ |p 005200005998 |q 005200005998 |t BK |v τ.1: |y 0 |z τ.1 | ||
| 852 | |a INST |b CHIOS |e 19960422 |h 330.09 ΘΕΟ |p 005200005999 |q 005200005999 |t BK |v τ.2: |y 0 |z τ.2 | ||
| 852 | |a INST |b CHIOS |e 20010202 |h 330.09 ΘΕΟ |p 005200016855 |q 005200016855 |t BK |v τ.2: |y 0 |z τ.2 | ||
| 852 | |a INST |b CHIOS |e 20010306 |h 330.09 ΘΕΟ |p 005200021268 |q 005200021268 |t BK |v τ.2: |y 0 |z τ.2 | ||
| 852 | |a INST |b CHIOS |e 20010306 |h 330.09 ΘΕΟ |p 005200021280 |q 005200021280 |t BK |v τ.1: |y 0 |z τ.1 | ||
| 852 | |a INST |b CHIOS |e 20010202 |h 330.09 ΘΕΟ |p 005200021510 |q 005200021510 |t BK |v τ.1: |y 0 |z τ.1 | ||
| 852 | |a INST |b CHIOS |c TSAMOYRGELIS |e 20190729 |h 330.09 ΘΕΟ |p 005200038917 |q 005200038917 |t BK |v τ.1: |y 0 | ||
| 852 | |a INST |b CHIOS |c TSAMOYRGELIS |e 20190916 |h 330.09 ΘΕΟ |p 005200038918 |q 005200038918 |t BK |v τ.2: |y 0 | ||
| 852 | |a INST |b LESVOS |e 19950605 |h 330.09 ΘΕΟ |p 005100000427 |q 005100000427 |t BK |y 0 |z v.1 | ||
| 852 | |a INST |b LESVOS |e 19950605 |h 330.09 ΘΕΟ |p 005100000428 |q 005100000428 |t BK |y 0 |z v.2 | ||
| 852 | |a INST |b LESVOS |e 19950605 |h 330.09 ΘΕΟ |p 005100000427 |q 005100000427 |t BK |v v.1: |y 0 |z v.1 | ||
| 852 | |a INST |b LESVOS |e 19950605 |h 330.09 ΘΕΟ |p 005100000428 |q 005100000428 |t BK |v v.2: |y 0 |z v.2 | ||
| 852 | |a INST |b SAMOS |e 19971119 |h 330.09 ΘΕΟ |p 005300008617 |q 005300008617 |t BK |y 0 |z τ.2 | ||
| 852 | |a INST |b SAMOS |e 19971119 |h 330.09 ΘΕΟ |p 005300008618 |q 005300008618 |t BK |y 0 |z τ.1 | ||
| 852 | |a INST |b SAMOS |e 19971119 |h 330.09 ΘΕΟ |p 005300008617 |q 005300008617 |t BK |v τ.2: |y 0 |z τ.2 | ||
| 852 | |a INST |b SAMOS |e 19971119 |h 330.09 ΘΕΟ |p 005300008618 |q 005300008618 |t BK |v τ.1: |y 0 |z τ.1 | ||
| 853 | |a INST |b CHIOS |h 330.09 ΘΕΟ | ||
| 853 | |a INST |b CHIOS |c TSAMOYRGELIS |h 330.09 ΘΕΟ | ||
| 853 | |a INST |b LESVOS |h 330.09 ΘΕΟ | ||
| 853 | |a INST |b SAMOS |h 330.09 ΘΕΟ | ||
| 901 | |a BIBL-1997-2 | ||
| 901 | |a BIBL2-2001-1 | ||
| 970 | |a Παροικάκη |b Βασιλική |z 29-07-2019 | ||